<?xml version="1.0" encoding="UTF-8"?>
<marc:record xmlns:marc="http://www.loc.gov/MARC21/slim">
   <marc:leader>00000nam a2200000 a 4500</marc:leader>
   <marc:datafield ind1="1" ind2=" " tag="100">
      <marc:subfield code="a">Hislop, Victoria</marc:subfield>
      <marc:subfield code="4">aut</marc:subfield>
      <marc:subfield code="e">Verfasser/-in</marc:subfield>
   </marc:datafield>
   <marc:datafield ind1=" " ind2=" " tag="653">
      <marc:subfield code="a">Belletristische Darstellung</marc:subfield>
   </marc:datafield>
   <marc:datafield ind1=" " ind2=" " tag="653">
      <marc:subfield code="a">Kolonie</marc:subfield>
   </marc:datafield>
   <marc:datafield ind1=" " ind2=" " tag="653">
      <marc:subfield code="a">Spinalónga &amp;lt;Insel&amp;gt;</marc:subfield>
   </marc:datafield>
   <marc:datafield ind1=" " ind2=" " tag="653">
      <marc:subfield code="a">Geheimnis</marc:subfield>
   </marc:datafield>
   <marc:datafield ind1=" " ind2=" " tag="653">
      <marc:subfield code="a">ú3214</marc:subfield>
   </marc:datafield>
   <marc:datafield ind1=" " ind2=" " tag="653">
      <marc:subfield code="a">Britin</marc:subfield>
   </marc:datafield>
   <marc:datafield ind1=" " ind2=" " tag="653">
      <marc:subfield code="a">Familie</marc:subfield>
   </marc:datafield>
   <marc:datafield ind1=" " ind2=" " tag="653">
      <marc:subfield code="a">Archäologin</marc:subfield>
   </marc:datafield>
   <marc:datafield ind1=" " ind2=" " tag="653">
      <marc:subfield code="a">Leprakranker</marc:subfield>
   </marc:datafield>
   <marc:datafield ind1=" " ind2=" " tag="653">
      <marc:subfield code="a">ú324516ú542316</marc:subfield>
   </marc:datafield>
   <marc:datafield ind1="0" ind2="0" tag="245">
      <marc:subfield code="a">Insel der Vergessenen</marc:subfield>
   </marc:datafield>
   <marc:datafield ind1="0" ind2="0" tag="245">
      <marc:subfield code="b">Roman</marc:subfield>
   </marc:datafield>
   <marc:datafield ind1="0" ind2="0" tag="245">
      <marc:subfield code="c">Victoria Hislop. Aus dem Engl. von Angelika Felenda</marc:subfield>
   </marc:datafield>
   <marc:datafield ind1=" " ind2="1" tag="264">
      <marc:subfield code="a">München</marc:subfield>
      <marc:subfield code="b">Diana-Verl.</marc:subfield>
      <marc:subfield code="c">2007</marc:subfield>
   </marc:datafield>
   <marc:datafield ind1=" " ind2=" " tag="250">
      <marc:subfield code="a">Dt. Erstausg.</marc:subfield>
   </marc:datafield>
   <marc:datafield ind1="1" ind2=" " tag="520">
      <marc:subfield code="a">Rez.: Journalistin Hislop, im Südosten des United Kingdom zu Hause, hat sich mit ihrem Debüt im letzten Jahr auf Anhieb an die Spitze englischer Bestsellerliste katapultiert. Jetzt hat Übersetzerin Felenda mit einer auffallend pragmatischen Arbeit eine deutsche Ausgabe ermöglicht, die in ihrer Ehrlichkeit gar nicht erst versucht, die schwer verdaulichen Niveauschwankungen des Originals (Medien-Hype hin oder her) zu verbergen. Zeitgeschichtlich (Fokus: 2. Weltkrieg bis 2001) ist diese Autorin fraglos stark genug, um auch kritische Romanleser mühelos dicht in die griechische Inselwelt hineinzuziehen, die als Schauplatz für ihre von Frauenschicksalen dominierte Familiensaga dient. Ungewöhnlich ist sicher auch die unverkrampfte Art, mit der das nicht alltägliche Thema der Leprakrankheit die Geschichte dominiert. Aber die lau plätschernden Beziehungsprobleme der jungen, griechischstämmigen Archäologin Alexis, die auf Kreta und dem vorgelagerten Spinalonga (bis 1957 Leprakolonie) Vergangenes aufrollt und so ihre Mutter mit dem Leben versöhnt, weist den Weg klar: In eine Lesefutterexistenz. (Connie Haag)</marc:subfield>
   </marc:datafield>
   <marc:datafield ind1=" " ind2=" " tag="020">
      <marc:subfield code="a">9783453351608</marc:subfield>
      <marc:subfield code="9">9783453351608</marc:subfield>
   </marc:datafield>
   <marc:datafield ind1=" " ind2=" " tag="300">
      <marc:subfield code="a">431 S.</marc:subfield>
   </marc:datafield>
</marc:record>
